000 01154cam a2200349 i 4500
003 EG-GICUC
005 20260311095755.0
008 000417s2000 nyu fr 001 0 eng d
020 _a1566627591
_qalk. paper
020 _a9781566627597
_q(alk. paper)
040 _aDLC
_cDLC
_dDLC
_dEG-GICUC
_beng
_erda
043 _an-us---
050 0 0 _aKF9084.A7
_bS76 2000
082 0 0 _a347.224
_221
092 0 4 _221
099 _aLaw 12 2000
100 1 _aStone, Katherine Van Wezel.
245 1 0 _aPrivate justice :
_bthe law of alternative dispute resolution /
_cby Katherine V.W. Stone.
264 _aNew York :
_bFoundation Press,
_c2000.
300 _axxvii, 964 pages ;
_c27 cm.
336 _atext
_2rdacontent
337 _aComputer
_2rdamedia
338 _aOnline Resource
_2rdacarrier
440 0 _aUniversity casebook series
500 _aIncludes index.
650 0 _aDispute resolution (Law)
_zUnited States
_vCases.
650 0 _aMediation
_zUnited States
_vCases.
650 0 _aArbitration and award
_zUnited States
_vCases.
856 4 0 _uhttps://fll.law.cu.edu.eg/fulltext/bks/ENGB12-00089.pdf
905 _a10
942 _2ddc
_cBK
_e21
_n0
999 _c66010
_d66010